000 03033 a2200313 4500
001 OB-chbeck-1130
003 FrMaCLE
005 20251214082602.0
007 cu ||||||m||||
008 140527e||||||||xx |||||s|||||||||0|de|d
020 _a978-2-8218-4649-4
024 7 _a10.4000/books.chbeck.1130
_2doi
040 _aFR-FrMaCLE
041 _adeu
100 1 _aPfeiffer, Stefan
245 1 0 _aHerrscher- und Dynastiekulte im Ptolemäerreich :
_bSystematik und Einordnung der Kultformen /
_cStefan Pfeiffer.
260 _aMünchen :
_bC.H.Beck,
_c2014.
300 _aX-180 p.
500 _aEbook
520 _a Unter der Herrschaft der makedonisch-griechischen Dynastie der Ptolemäer (323–30 v. Chr.) entstand in Ägypten eine multikulturelle Gesellschaft. Die fremden Könige ließen ihre Untertanen nach der je eigenen Fasson leben: Die zahlreichen, meist griechischen Zuwanderer stellten zwar die deutlich privilegierte Schicht, doch sorgten die Könige auch für die einheimischen Kulte und förderten die ägyptische Priesterschaft. Um aber in dieser Pluralität der Lebensformen und Religionen eine sinnstiftende Klammer zu schaffen, richtete man den Personenkult für den lebenden König ein. Ziel des Autors ist es, die verschiedenen Formen des Kultes für den König und seine Gemahlin zu beschreiben. Erstmals legt er mit dem vorliegenden Buch eine Zusammenschau der Ergebnisse der klassischen Altertumswissenschaften und der Ägyptologie vor. Hieraus ergibt sich folgende These, die gleichzeitig den Aufbau des Buches bestimmt: Es gab nicht den einen Herrscherkult, sondern verschiedene Formen des Kultes, und jeder Untertan konnte die ihm zusagende Form wählen. Einerseits bestand die Möglichkeit, den König und seine Gemahlin mit griechischen Bräuchen zu verehren. In diesem Fall ist von griechischem Herrscherkult zu sprechen. Vielfach stellte man die Verehrung des lebenden Herrscherpaares auch in den Kontext der Ahnen – es handelte sich dann um einen griechischen Dynastiekult. Die ägyptischen Priester entwickelten aus den beiden griechischen Kultmöglichkeiten spezifisch ägyptische Formen. Sie integrierten die lebenden Pharaonen als Götter in die ägyptischen Tempel; so etwas hatte es in Ägypten bis dahin noch nicht gegeben. Mittels großer Prozessionen wurde an den Herrscherfesttagen der Bevölkerung die Möglichkeit gegeben, den Kult für die Könige ebenfalls zu zelebrieren. Der von den einheimischen Priestern betriebene Herrscherkult trug also wesentlich zur Legitimation der Fremdherrschaft in Ägypten bei. Im Fließtext der Monographie wurde auf fremdsprachige ägyptische oder griechische Zitate…
540 _aOpenEdition Books License
_uhttps://www.openedition.org/12554
650 4 _aReligion
650 4 _aHistory & Archaeology
650 4 _aHerrscherkult
650 4 _aPtolemäer
650 4 _aMultikulturalismus
776 _z978-3-406-56933-3
856 4 _ePfeiffer, Stefan
_uhttps://books.openedition.org/chbeck/1130
_yHerrscher- und Dynastiekulte im Ptolemäerreich
999 _c3249
_d3249